Commercial Property Standard Enquiries service launched (Record no. 71331)

MARC details
000 -LEADER
fixed length control field 00824cam a2200205 4500
001 - CONTROL NUMBER
control field WB3837-06
008 - FIXED-LENGTH DATA ELEMENTS--GENERAL INFORMATION
fixed length control field 021010n2002 000 0 eng u
035 ## - SYSTEM CONTROL NUMBER
System control number (Sirsi) u120050
245 ## - TITLE STATEMENT
Title Commercial Property Standard Enquiries service launched
260 ## - PUBLICATION, DISTRIBUTION, ETC.
Date of publication, distribution, etc. 2002
490 ## - SERIES STATEMENT
Series statement Law Society's Gazette
Volume/sequential designation 99(36) 19 September 2002, 8(1)
520 ## - SUMMARY, ETC.
Summary, etc. London Property Support Lawyers Group and British Property Foundation have launched online standard documents service to increase speed and efficiency of commercial property transactions. Documents can be accessed free of charge from www.practicallaw.com
590 ## - LOCAL NOTE (RLIN)
Local note WB
650 ## - SUBJECT ADDED ENTRY--TOPICAL TERM
Topical term or geographic name entry element DOCUMENTATION
650 ## - SUBJECT ADDED ENTRY--TOPICAL TERM
Topical term or geographic name entry element FREEHOLD PROPERTY
650 ## - SUBJECT ADDED ENTRY--TOPICAL TERM
Topical term or geographic name entry element PROPERTY-LEASEHOLD PROPERTY
650 ## - SUBJECT ADDED ENTRY--TOPICAL TERM
Topical term or geographic name entry element PROPERTY TRANSACTIONS
690 ## - LOCAL SUBJECT ADDED ENTRY--TOPICAL TERM (OCLC, RLIN)
Topical term or geographic name as entry element PROPERTY-COMMERCIAL PROPERTY
942 ## - ADDED ENTRY ELEMENTS (KOHA)
Suppress in OPAC 0
Holdings
Withdrawn status Lost status Source of classification or shelving scheme Damaged status Not for loan Home library Current library Shelving location Date acquired Total Checkouts Full call number Barcode Date last seen Copy number Price effective from Koha item type
    Dewey Decimal Classification     London London News article 10/10/2002   WB3837-06 120050-1001 06/08/2019 1 06/08/2019 News article